[Event "XIII C.to Italiano U20"]
[Site "Bratto - Castione della Presolana ITA"]
[Date "2005.08.26"]
[Round "7"]
[White "Lettieri, Giuseppe"]
[Black "Brunello, Sabino"]
[Result "1/2-1/2"]
[WhiteElo "2251"]
[BlackElo "2373"]
[PlyCount "120"]
[EventDate "2005.08.20"]

1.d4 Nf6 2.c4 e6 3.Nc3 Bb4 4.e3 O-O 5.Bd3 d5 6.Nf3 c5 7.O-O Nc6 8.cxd5 
exd5 9.dxc5 Bxc5 10.b3 Bg4 11.Bb2 Re8 12.Be2 a6 13.Nd4 Be6 14.Nxe6 Rxe6 
15.Bf3 d4 16.Na4 Ba7 17.Bxc6 Rxc6 18.Bxd4 Rd6 19.Bxf6 Qxf6 20.Qf3 Qe7 21.
Rad1 Rh6 22.g3 Re8 23.Qf5 Re6 24.Rd5 g6 25.Qd3 Qa3 26.Rd7 Rxe3 27.Qd5 R3e7
28.Qxb7 Rxd7 29.Qxd7 Re7 30.Qc8+ Kg7 31.Qc3+ f6 32.Qd2 Rf7 33.Re1 Qf8 34.
b4 Qc8 35.Qc1 Qg4 36.Nc5 h5 37.Ne6+ Kh7 38.Qf4 Qxf4 39.Nxf4 Rb7 40.Re6 Bd4
41.Nd5 a5 42.bxa5 Rb5 43.Nf4 Rxa5 44.Re4 Be5 45.a4 Bxf4 46.Rxf4 Kg7 47.h4 
Rc5 48.Rb4 Rc1+ 49.Kg2 Ra1 50.Rb7+ Kh6 51.Ra7 g5 52.hxg5+ Kxg5 53.a5 h4 
54.gxh4+ Kxh4 55.a6 Kg4 56.Ra8 Kf4 57.a7 f5 58.Kh2 Kf3 59.Rf8 Rxa7 60.
Rxf5+ Kg4 1/2-1/2

[Event "XIII C.to Italiano U20"]
[Site "Bratto - Castione della Presolana ITA"]
[Date "2005.08.26"]
[Round "7"]
[White "Massironi, Marco"]
[Black "Pomaro, Alberto"]
[Result "0-1"]
[WhiteElo "2122"]
[BlackElo "1943"]
[PlyCount "76"]
[EventDate "2005.08.20"]

1.e4 e6 2.d4 d5 3.Nd2 Nf6 4.e5 Nfd7 5.Ngf3 c5 6.c3 Nc6 7.Bd3 Qb6 8.O-O 
cxd4 9.cxd4 Nxd4 10.Nxd4 Qxd4 11.Nf3 Qb6 12.Qa4 Qb4 13.Qc2 Nc5 14.Bd2 Qa4 
15.b3 Qd7 16.Be2 Be7 17.Be3 b6 18.Nd4 Ba6 19.b4 Bxe2 20.Qxe2 Nb7 21.a3 O-O
22.f4 f5 23.Rac1 Rfc8 24.g4 g6 25.gxf5 gxf5 26.Rf3 Rxc1+ 27.Bxc1 Kh8 28.
Bb2 Rg8+ 29.Kh1 Rf8 30.Rg3 Bh4 31.Rh3 Bd8 32.Rg3 Qf7 33.Qc2 Bh4 34.Rg2 Nd8
35.Nb5 Qh5 36.Qd3 Nc6 37.Nd6 Be1 38.Qf1 Bh4 0-1

[Event "XIII C.to Italiano U20"]
[Site "Bratto - Castione della Presolana ITA"]
[Date "2005.08.26"]
[Round "7"]
[White "Mora, Lorenzo"]
[Black "Finocchiaro, Gianluca"]
[Result "1/2-1/2"]
[WhiteElo "1820"]
[BlackElo "1730"]
[PlyCount "78"]
[EventDate "2005.08.20"]

1.Nf3 d5 2.g3 c6 3.Bg2 Nf6 4.b3 Bf5 5.Bb2 e6 6.O-O Bd6 7.d3 h6 8.Nbd2 Bh7 
9.Qe1 Nbd7 10.e4 dxe4 11.dxe4 e5 12.Rd1 Bb8 13.Nc4 Qe7 14.Bh3 O-O 15.Bf5 
Bxf5 16.exf5 e4 17.Nh4 Ne5 18.Qc3 Nxc4 19.Qxc4 Kh8 20.Rfe1 Be5 21.Bc1 Rad8
22.Be3 Rxd1 23.Rxd1 a6 24.Bc5 Qe8 25.Bxf8 Qxf8 26.h3 e3 27.Kg2 Nd5 28.Re1 
Qd6 29.Qg4 exf2 30.Kxf2 Qc5+ 31.Kf3 Qc3+ 32.Kf2 Bd4+ 33.Kf1 Ne3+ 34.Rxe3 
Qxe3 35.Qf4 Qg1+ 36.Ke2 Ba7 37.Qe5 Qf2+ 38.Kd1 Be3 39.Ng6+ Kh7 1/2-1/2

[Event "XIII C.to Italiano U20"]
[Site "Bratto - Castione della Presolana ITA"]
[Date "2005.08.26"]
[Round "7"]
[White "Napoli, Nicolo'"]
[Black "Frilli, Guido"]
[Result "0-1"]
[WhiteElo "2225"]
[BlackElo "2120"]
[PlyCount "56"]
[EventDate "2005.08.20"]

1.e4 c5 2.c3 Nf6 3.e5 Nd5 4.d4 cxd4 5.Nf3 Nc6 6.cxd4 d6 7.Nc3 Nxc3 8.bxc3 
dxe5 9.d5 e4 10.Ng5 Ne5 11.Nxe4 e6 12.Qa4+ Bd7 13.Qd4 Ng6 14.c4 Bb4+ 15.
Bd2 Bxd2+ 16.Qxd2 exd5 17.cxd5 Qe7 18.Qe3 O-O 19.Bd3 Qb4+ 20.Kf1 Rfe8 21.
Rb1 Qa4 22.Qf3 Qd4 23.Rd1 Ba4 24.Nd6 Bxd1 25.Qxf7+ Kh8 26.Nxe8 Qxd3+ 27.
Kg1 Qc3 28.Kf1 Qe5 0-1

[Event "XIII C.to Italiano U20"]
[Site "Bratto - Castione della Presolana ITA"]
[Date "2005.08.26"]
[Round "7"]
[White "Navarro, Stefano"]
[Black "Bonagura, Stefano"]
[Result "1-0"]
[WhiteElo "2209"]
[BlackElo "2018"]
[PlyCount "137"]
[EventDate "2005.08.20"]

1.e4 d6 2.d4 Nf6 3.Nc3 c6 4.a4 Nbd7 5.Nf3 e5 6.Bc4 Be7 7.O-O O-O 8.Re1 
exd4 9.Nxd4 Ne5 10.Ba2 Re8 11.h3 Bf8 12.Bg5 h6 13.Be3 Ng6 14.Qd3 Nh5 15.
Qd2 Qh4 16.Nf3 Qf6 17.Nh2 Nhf4 18.Bxf4 Nxf4 19.Qe3 d5 20.Qf3 Qg5 21.Kh1 
Re6 22.Qg3 Rg6 23.Qxg5 Rxg5 24.exd5 Rxg2 25.Ne2 Rxf2 26.Nxf4 Rxf4 27.Rf1 
Rf5 28.Rae1 Bd7 29.Rxf5 Bxf5 30.dxc6 bxc6 31.Ng4 Rb8 32.Bb3 c5 33.Ne5 Rb7 
34.Kg2 g6 35.Nc4 Rb4 36.Ne5 Rb7 37.Nc4 Rd7 38.Re2 Kg7 39.Re5 Rd4 40.Re3 
Be6 41.Rc3 Be7 42.Na5 Rd2+ 43.Kf1 Bf5 44.Nc6 Bd6 45.Nxa7 Rh2 46.Nb5 Be5 
47.Rxc5 Bxh3+ 48.Ke1 Bf4 49.Rd5 g5 50.Nc3 g4 51.Ne4 g3 52.Nxg3 Bxg3+ 53.
Kd1 Bg4+ 54.Kc1 Rh1+ 55.Kd2 Rd1+ 56.Ke3 Rxd5 57.Bxd5 f5 58.a5 f4+ 59.Ke4 
f3 60.Bc4 f2 61.Bf1 Bb8 62.b4 h5 63.b5 h4 64.Ke3 Bg3 65.a6 Bb8 66.b6 Bc8 
67.a7 Bxa7 68.bxa7 Bb7 69.Kxf2 1-0

[Event "XIII C.to Italiano U20"]
[Site "Bratto - Castione della Presolana ITA"]
[Date "2005.08.26"]
[Round "7"]
[White "Navarro, Tommaso"]
[Black "Hellweger, Stefan"]
[Result "0-1"]
[WhiteElo "1805"]
[BlackElo "1685"]
[PlyCount "56"]
[EventDate "2005.08.20"]

1.e4 e5 2.Nf3 Nc6 3.d4 exd4 4.Bc4 d6 5.O-O Bg4 6.Bxf7+ Kxf7 7.Ng5+ Qxg5 8.
f3 Qc5 9.fxg4+ Ke8 10.Qf3 Be7 11.Qf7+ Kd7 12.Qxg7 Qe5 13.Bh6 Nxh6 14.Qxh6 
Qg5 15.Qh3 Raf8 16.Rf5 Qc1+ 17.Kf2 Qxc2+ 18.Kg3 Rxf5 19.exf5 Qc1 20.Kf2 
Qxb2+ 21.Kf1 Qxa1 22.Qb3 d3 23.Qxd3 Qe5 24.Nd2 Qf4+ 25.Nf3 Ne5 26.Qb5+ Kc8
27.Qb2 Rd8 28.Qb3 Qc4+ 0-1

[Event "XIII C.to Italiano U20"]
[Site "Bratto - Castione della Presolana ITA"]
[Date "2005.08.26"]
[Round "7"]
[White "Piccirillo, Edoardo"]
[Black "Salafia, Andrea"]
[Result "1/2-1/2"]
[WhiteElo "1653"]
[BlackElo "1724"]
[PlyCount "85"]
[EventDate "2005.08.20"]

1.d4 Nf6 2.c4 g6 3.Nc3 Bg7 4.e4 d6 5.f3 O-O 6.Be3 e5 7.d5 c6 8.Qd2 cxd5 9.
cxd5 a6 10.Bd3 Nbd7 11.Nge2 Ne8 12.g4 b5 13.h4 b4 14.Nd1 Nc5 15.Bc4 a5 16.
h5 Rb8 17.Bh6 Qf6 18.hxg6 fxg6 19.Bxg7 Qxg7 20.Rf1 Nf6 21.Nc1 Qe7 22.Nb3 
Nfd7 23.Nxa5 Nb6 24.Be2 Qh4+ 25.Nf2 Nba4 26.Nc6 Rb6 27.Rh1 Qf6 28.Nxb4 Ba6
29.g5 Qf4 30.Qxf4 Rxf4 31.Nxa6 Nxa6 32.b3 Nc3 33.Ng4 Rxg4 34.fxg4 Nc5 35.
Bf3 Nb5 36.Kf2 Nd4 37.Kg3 Rb7 38.b4 Rxb4 39.Rab1 Ra4 40.Rb8+ Kg7 41.Rc8 
Ra3 42.Rc7+ Kg8 43.Rc8+ 1/2-1/2

[Event "XIII C.to Italiano U20"]
[Site "Bratto - Castione della Presolana ITA"]
[Date "2005.08.26"]
[Round "7"]
[White "Ravagnati, Marco"]
[Black "Battistelli, Alessandro"]
[Result "0-1"]
[WhiteElo "1658"]
[BlackElo "1655"]
[PlyCount "86"]
[EventDate "2005.08.20"]

1.e4 e6 2.d4 d5 3.Nc3 Bb4 4.e5 c5 5.a3 cxd4 6.axb4 dxc3 7.bxc3 Qc7 8.Qd4 
Nc6 9.Bb5 Ne7 10.f4 Bd7 11.Qd3 a6 12.Ba4 O-O 13.Nf3 f6 14.Bxc6 Bxc6 15.O-O
Bb5 16.Qe3 Nf5 17.Qe1 Bxf1 18.Kxf1 fxe5 19.Nxe5 Nd6 20.Nf3 Ne4 21.Ra3 Qc4+
22.Kg1 Qc6 23.Ne5 Qc7 24.Be3 Rac8 25.Bd2 Rf6 26.g3 Rcf8 27.Qe2 Rf5 28.Kg2 
Rxe5 29.fxe5 Rf2+ 30.Qxf2 Nxf2 31.Kxf2 Qxe5 32.Ra2 d4 33.c4 Qh5 34.h4 e5 
35.b5 e4 36.Bf4 Qf3+ 37.Ke1 e3 38.c3 d3 39.Bxe3 Qxe3+ 40.Kd1 Qf3+ 41.Kc1 
Qe3+ 42.Rd2 Qe1+ 43.Rd1 Qxc3+ 0-1

[Event "XIII C.to Italiano U20"]
[Site "Bratto - Castione della Presolana ITA"]
[Date "2005.08.26"]
[Round "7"]
[White "Romano, Zeno"]
[Black "Covolan, Stefano"]
[Result "1-0"]
[WhiteElo "1860"]
[BlackElo "1691"]
[PlyCount "117"]
[EventDate "2005.08.20"]

1.e4 c5 2.Nf3 d6 3.d4 cxd4 4.Nxd4 Nf6 5.Nc3 a6 6.Be2 e6 7.Be3 Be7 8.O-O 
O-O 9.f4 Qb6 10.Nf5 Qc7 11.Nxe7+ Qxe7 12.Bf3 Nbd7 13.Qd2 Nc5 14.Rad1 Ne8 
15.Bxc5 dxc5 16.Qd8 Qxd8 17.Rxd8 Nf6 18.Rfd1 Rb8 19.Na4 Nd7 20.R1xd7 Bxd7 
21.Rxd7 Rfd8 22.Rxd8+ Rxd8 23.e5 Rd2 24.Bxb7 Rxc2 25.Bxa6 c4 26.a3 Kf8 27.
Nb6 c3 28.bxc3 Rxc3 29.Nc4 Rc2 30.Bb5 Ke7 31.a4 Kd8 32.a5 f6 33.a6 Kc7 34.
Ne3 Rb2 35.Bc4 fxe5 36.fxe5 Kb6 37.h3 Rb1+ 38.Kf2 Ra1 39.Kf3 Kc5 40.Be2 
Ra4 41.Nd1 Kd4 42.Kf4 Kd5+ 43.Ke3 Kxe5 44.Bd3 Ra3 45.Nf2 h5 46.Ne4 Kd5 47.
Nd2 e5 48.Nb1 Ra5 49.Nc3+ Kc5 50.Ke4 Kd6 51.Nb5+ Kc5 52.a7 g5 53.Kxe5 g4 
54.hxg4 hxg4 55.Be4 Rxb5 56.a8=Q Kc4+ 57.Qd5+ Rxd5+ 58.Bxd5+ Kc5 59.Bb7 
1-0

[Event "XIII C.to Italiano U20"]
[Site "Bratto - Castione della Presolana ITA"]
[Date "2005.08.26"]
[Round "7"]
[White "Rombaldoni, Axel"]
[Black "Manconi, Antonio"]
[Result "0-1"]
[WhiteElo "2137"]
[BlackElo "1988"]
[PlyCount "88"]
[EventDate "2005.08.20"]

1.e4 c5 2.Nf3 Nc6 3.d4 cxd4 4.Nxd4 Nf6 5.Nc3 e5 6.Ndb5 d6 7.Nd5 Nxd5 8.
exd5 Nb8 9.c4 Be7 10.Be2 a6 11.Nc3 O-O 12.O-O f5 13.f3 Nd7 14.Be3 Bg5 15.
Bf2 Qf6 16.b4 Qh6 17.c5 dxc5 18.bxc5 Nxc5 19.Bxc5 Be3+ 20.Bxe3 Qxe3+ 21.
Kh1 Qxc3 22.Rc1 Qb4 23.Bc4 Qd6 24.Bb3 Bd7 25.Rc6 Qb4 26.Rc7 Rad8 27.Re1 
Kh8 28.Qa1 Rfe8 29.Rxe5 Rxe5 30.Qxe5 Re8 31.Qxe8+ Bxe8 32.g3 Qb6 33.Rc8 
Qb5 34.Kg2 Qd7 35.Rb8 h6 36.h4 Kh7 37.d6 Qb5 38.Rd8 Qe2+ 39.Kh3 Qf1+ 40.
Kh2 Qf2+ 41.Kh3 Bb5 42.Bg8+ Kg6 43.h5+ Kxh5 44.Bf7+ Kg5 0-1

[Event "XIII C.to Italiano U20"]
[Site "Bratto - Castione della Presolana ITA"]
[Date "2005.08.26"]
[Round "7"]
[White "Ronchetti, Niccolo'"]
[Black "Braschi, Giancarlo"]
[Result "1-0"]
[WhiteElo "2395"]
[BlackElo "2201"]
[PlyCount "73"]
[EventDate "2005.08.20"]

1.e4 c5 2.Nf3 Nc6 3.Bb5 Qb6 4.Nc3 e6 5.Bxc6 Qxc6 6.d4 cxd4 7.Nxd4 Qc7 8.
O-O a6 9.Re1 d6 10.Bg5 Be7 11.Qd2 Nf6 12.Nf5 exf5 13.exf5 O-O 14.Rxe7 Qxe7
15.Re1 Qd7 16.Bxf6 Qxf5 17.Nd5 Kh8 18.Be7 Be6 19.Ne3 Qe5 20.Bxf8 Rxf8 21.
b3 Rd8 22.Rd1 d5 23.Qd4 Qxd4 24.Rxd4 Rd7 25.f4 f6 26.Kf2 f5 27.Ke2 Kg8 28.
Kd3 Kf8 29.Rb4 Ke8 30.Rb6 Kf7 31.Kd4 Kf6 32.Nd1 Rc7 33.c3 Re7 34.Nf2 g5 
35.Nd3 g4 36.Nc5 Kg7 37.Rxb7 1-0

[Event "XIII C.to Italiano U20"]
[Site "Bratto - Castione della Presolana ITA"]
[Date "2005.08.26"]
[Round "7"]
[White "Rorato, Giovanni Riccardo"]
[Black "Laurenti, Stefano"]
[Result "0-1"]
[WhiteElo "1706"]
[BlackElo "1937"]
[PlyCount "55"]
[EventDate "2005.08.20"]

1.d4 Nf6 2.c4 e6 3.Nc3 Bb4 4.Qc2 O-O 5.e3 c5 6.Bd3 d6 7.a3 Bxc3+ 8.Qxc3 
Nbd7 9.Ne2 Re8 10.O-O b6 11.Ng3 Bb7 12.b4 Rc8 13.Qd2 d5 14.cxd5 Nxd5 15.e4
Ne7 16.Bb2 Rc7 17.Rac1 cxd4 18.Rxc7 Qxc7 19.Bxd4 Nc6 20.Ba1 Nce5 21.Be2 
Rc8 22.f4 Ng6 23.Bb2 f6 24.Rc1 Qxf4 25.Rxc8+ Bxc8 26.Qc3 Ne7 27.Qc4 Ne5 
28.Kh1 0-1

[Event "XIII C.to Italiano U20"]
[Site "Bratto - Castione della Presolana ITA"]
[Date "2005.08.26"]
[Round "7"]
[White "Rostolis, Riccardo"]
[Black "Perico', Alessandro"]
[Result "1/2-1/2"]
[WhiteElo "1966"]
[BlackElo "1736"]
[PlyCount "100"]
[EventDate "2005.08.20"]

1.e4 e6 2.d4 d5 3.e5 c5 4.c3 Qb6 5.Nf3 Nc6 6.Bd3 cxd4 7.cxd4 Bd7 8.O-O 
Nge7 9.Nc3 a6 10.Re1 Nxd4 11.Nxd4 Qxd4 12.Qe2 Nc6 13.a3 g6 14.Kh1 Bg7 15.
f4 Qb6 16.Qg4 O-O 17.Rd1 Na5 18.Nxd5 exd5 19.Qxd7 Rfd8 20.Qg4 Nb3 21.Rb1 
Nxc1 22.Rdxc1 Qe3 23.Rc3 Qd2 24.Rb3 Rac8 25.Rf1 b5 26.Qh4 Rd7 27.Qg4 Rdc7 
28.h3 Rc1 29.Kh2 Bh6 30.h4 R8c2 31.Rf3 Rc6 32.h5 Qd1 33.hxg6 hxg6 34.Bf1 
Qd4 35.Qh4 g5 36.Qg4 Rg6 37.Rbd3 Qe4 38.Rde3 Qd4 39.Bd3 Rgc6 40.Qf5 gxf4 
41.Qg4+ Kf8 42.Qh5 Bg7 43.Qg5 Bh6 44.Qd8+ Kg7 45.Rg3+ fxg3+ 46.Rxg3+ Rg6 
47.Rxg6+ fxg6 48.Qf6+ Kg8 49.Qxg6+ Kf8 50.Qd6+ Kg8 1/2-1/2

[Event "XIII C.to Italiano U20"]
[Site "Bratto - Castione della Presolana ITA"]
[Date "2005.08.26"]
[Round "7"]
[White "Tomassini, Ubaldo"]
[Black "Stips, Felix"]
[Result "0-1"]
[WhiteElo "1772"]
[BlackElo "1650"]
[PlyCount "88"]
[EventDate "2005.08.20"]

1.e4 c5 2.Nf3 d6 3.d4 cxd4 4.Nxd4 Nf6 5.Nc3 a6 6.Be2 e6 7.O-O Be7 8.Be3 
Qc7 9.f4 b5 10.a3 Bb7 11.Bf3 Nbd7 12.Qe2 Rc8 13.Rad1 Qb8 14.g4 Rxc3 15.
bxc3 Nxe4 16.Bxe4 Bxe4 17.Nb3 d5 18.Qf2 O-O 19.Rd4 Bf6 20.Rxe4 dxe4 21.Rd1
Rd8 22.Nd4 Qc7 23.g5 Be7 24.Ne2 Bxa3 25.Ng3 Qxc3 26.Nxe4 Qc7 27.Ra1 b4 28.
Rd1 Nb8 29.Rxd8+ Qxd8 30.Nc5 Qd1+ 31.Kg2 Qg4+ 32.Kf1 Qd1+ 33.Kg2 Qd5+ 34.
Qf3 Qxf3+ 35.Kxf3 Kf8 36.Ke4 Ke7 37.Bd4 f6 38.Nd3 Nd7 39.Bc5+ Nxc5+ 40.
Nxc5 a5 41.Nb3 a4 42.Nc5 b3 43.cxb3 Bxc5 44.bxa4 Kd6 0-1

[Event "XIII C.to Italiano U20"]
[Site "Bratto - Castione della Presolana ITA"]
[Date "2005.08.26"]
[Round "7"]
[White "Trazzi, Enrico"]
[Black "Lai, Luca"]
[Result "1/2-1/2"]
[WhiteElo "1670"]
[BlackElo "1871"]
[PlyCount "91"]
[EventDate "2005.08.20"]

1.c4 b5 2.cxb5 e5 3.Nc3 d5 4.d4 e4 5.Qb3 Be6 6.g3 Bd6 7.Nh3 Ne7 8.Bf4 O-O 
9.Bxd6 Qxd6 10.e3 f5 11.Ng5 Bc8 12.h4 h6 13.Nh3 Be6 14.Na4 a6 15.b6 cxb6 
16.Qxb6 Nbc6 17.Qc5 Qd8 18.Be2 a5 19.O-O Rc8 20.Qb6 Qe8 21.Rfc1 Rb8 22.Qc5
Rb4 23.b3 f4 24.Nxf4 Rxf4 25.exf4 Nxd4 26.Re1 Nef5 27.Nb6 Nxh4 28.Nxd5 
Nxe2+ 29.Rxe2 Nf3+ 30.Kg2 Bh3+ 31.Kh1 Rb5 32.Qe7 Qxe7 33.Nxe7+ Kf7 34.g4 
Bxg4 35.Rxe4 Rh5+ 36.Kg2 Rh2+ 37.Kg3 h5 38.Nc6 Rh3+ 39.Kg2 Rh2+ 40.Kg3 
Rh3+ 41.Kg2 Nh4+ 42.Kg1 Nf3+ 43.Kg2 Nh4+ 44.Kg1 Kf6 45.Ne5 Nf3+ 46.Kg2 
1/2-1/2

[Event "XIII C.to Italiano U20"]
[Site "Bratto - Castione della Presolana ITA"]
[Date "2005.08.26"]
[Round "7"]
[White "Truzzi, Stefano"]
[Black "Pulcini, Giorgio"]
[Result "0-1"]
[WhiteElo "1518"]
[BlackElo "1614"]
[PlyCount "76"]
[EventDate "2005.08.20"]

1.d4 d5 2.e3 e6 3.Nf3 c5 4.c3 c4 5.Nbd2 Bd6 6.Qc2 Nf6 7.e4 Bc7 8.Be2 O-O 
9.g3 Nc6 10.O-O b5 11.Nh4 Ne7 12.f4 Nxe4 13.Nxe4 dxe4 14.Qxe4 Rb8 15.Bf3 
Bb7 16.Qc2 Nd5 17.Bd2 Qd7 18.a3 Bd8 19.Ng2 f5 20.Rae1 Rf6 21.Ne3 Nxe3 22.
Rxe3 Bxf3 23.Rexf3 Qd5 24.Re3 Bc7 25.Qd1 a5 26.Rfe1 a4 27.Kf2 Rh6 28.h4 
Bxf4 29.gxf4 Rxh4 30.Rg3 Rh2+ 31.Kf1 Rh1+ 32.Rg1 Rh2 33.Re5 Qd6 34.Re2 Rh3
35.Re3 Qxf4+ 36.Rf3 Rxf3+ 37.Ke2 Qe4+ 38.Be3 Qxe3# 0-1

[Event "XIII C.to Italiano U20"]
[Site "Bratto - Castione della Presolana ITA"]
[Date "2005.08.26"]
[Round "7"]
[White "Valsecchi, Alessio"]
[Black "Gallucci, Alessio"]
[Result "1-0"]
[WhiteElo "1945"]
[BlackElo "1656"]
[PlyCount "75"]
[EventDate "2005.08.20"]

1.e4 c5 2.Nf3 Nc6 3.d4 cxd4 4.Nxd4 Nf6 5.Nc3 e5 6.Ndb5 d6 7.a4 a6 8.Na3 
Bg4 9.f3 Be6 10.Bc4 Bxc4 11.Nxc4 Nb4 12.Bg5 Be7 13.Bxf6 gxf6 14.Nd5 Rc8 
15.Nce3 Nxd5 16.Nxd5 f5 17.exf5 O-O 18.O-O Kh8 19.a5 Rg8 20.Qd3 Bh4 21.Ra4
Qg5 22.Rg4 Qh6 23.c3 Bg5 24.h3 Rgd8 25.f4 Bf6 26.Qe4 exf4 27.Qxf4 Qxf4 28.
Rgxf4 Be5 29.Rb4 Rc5 30.Rd1 Rb8 31.Nb6 Rxa5 32.Nd7 Re8 33.Rxb7 Bg3 34.Nf6 
Rf8 35.Ne4 Bf4 36.g4 d5 37.Nf6 Kg7 38.Nh5+ 1-0

[Event "XIII C.to Italiano U20"]
[Site "Bratto - Castione della Presolana ITA"]
[Date "2005.08.26"]
[Round "7"]
[White "Zermian, Federico"]
[Black "Nizzardo, Mattia"]
[Result "1-0"]
[WhiteElo "1500"]
[BlackElo "1718"]
[PlyCount "59"]
[EventDate "2005.08.20"]

1.e4 e5 2.Nf3 Nc6 3.Bc4 Bc5 4.Nc3 Nge7 5.O-O O-O 6.d3 h6 7.Be3 Bb6 8.Na4 
d6 9.h3 Be6 10.Bb3 Bxb3 11.axb3 Bxe3 12.fxe3 f5 13.Nc3 fxe4 14.dxe4 a6 15.
Nh4 Rxf1+ 16.Qxf1 Qf8 17.Qe2 Qf6 18.Qg4 Rf8 19.Ne2 Qf2+ 20.Kh2 Qxe3 21.Ng3
Qf4 22.Qe6+ Qf7 23.Qd7 Nc8 24.Qg4 Nd4 25.Rf1 Qe8 26.Nh5 Ne6 27.Nf6+ Rxf6 
28.Rxf6 Nc5 29.Nf5 Nxe4 30.Qxg7# 1-0

[Event "XIII C.to Italiano U20"]
[Site "Bratto - Castione della Presolana ITA"]
[Date "2005.08.27"]
[Round "8"]
[White "Battistelli, Alessandro"]
[Black "Mora, Lorenzo"]
[Result "0-1"]
[WhiteElo "1655"]
[BlackElo "1820"]
[PlyCount "56"]
[EventDate "2005.08.20"]

1.e4 e5 2.Nf3 Nc6 3.Bb5 a6 4.Ba4 Nf6 5.O-O Nxe4 6.Re1 Nc5 7.Bxc6 dxc6 8.d4
Ne6 9.Nxe5 Be7 10.c3 O-O 11.Nd2 c5 12.Ndf3 cxd4 13.cxd4 c5 14.dxc5 Bxc5 
15.Be3 Bxe3 16.Rxe3 b5 17.Qb3 Nc5 18.Qb4 Qb6 19.Rc1 Nd7 20.Rxc8 Rfxc8 21.
Nxd7 Qb7 22.Qe7 Qc7 23.Ng5 Qxd7 24.Qe4 Rc1+ 25.Re1 Rxe1+ 26.Qxe1 Re8 27.
Qb1 Qf5 28.Qc1 Qxg5 0-1

[Event "XIII C.to Italiano U20"]
[Site "Bratto - Castione della Presolana ITA"]
[Date "2005.08.27"]
[Round "8"]
[White "Bellemo, Davide"]
[Black "Buono, Valerio"]
[Result "1/2-1/2"]
[WhiteElo "1847"]
[BlackElo "1977"]
[PlyCount "42"]
[EventDate "2005.08.20"]

1.d4 d5 2.c4 e6 3.Nc3 Nf6 4.Bg5 Be7 5.Nf3 Nbd7 6.e3 O-O 7.Bd3 b6 8.cxd5 
Nxd5 9.Nxd5 exd5 10.Bxe7 Qxe7 11.O-O Bb7 12.Qc2 Nf6 13.Rfc1 c6 14.Rab1 g6 
15.b4 Rfc8 16.a4 Rc7 17.a5 Rac8 18.Qb3 b5 19.Nd2 a6 20.h3 Re8 21.Rc3 Qd6 
1/2-1/2

[Event "XIII C.to Italiano U20"]
[Site "Bratto - Castione della Presolana ITA"]
[Date "2005.08.27"]
[Round "8"]
[White "Bonagura, Stefano"]
[Black "Castellano, Fabio Marco"]
[Result "1-0"]
[WhiteElo "2018"]
[BlackElo "1893"]
[PlyCount "131"]
[EventDate "2005.08.20"]

1.d4 Nf6 2.c4 g6 3.Nc3 Bg7 4.e4 d6 5.Nf3 O-O 6.Be2 e5 7.O-O Nc6 8.d5 Ne7 
9.Ne1 Ne8 10.Be3 f5 11.f3 f4 12.Bf2 g5 13.a4 h5 14.a5 Rf7 15.c5 dxc5 16.
Bxc5 Nd6 17.Nd3 Bd7 18.Bf2 Ng6 19.Nc5 Nf8 20.Nxd7 Nxd7 21.a6 b6 22.Na2 Rc8
23.Nb4 Nb8 24.Rc1 Bf8 25.Qa4 Qd7 26.Qxd7 Rxd7 27.Nc6 Nxc6 28.Rxc6 Re8 29.
Rfc1 Ree7 30.Bd1 Rg7 31.Be2 Rdf7 32.Be1 Kh7 33.Bc3 Re7 34.g3 g4 35.Kf2 
Rgf7 36.Bb4 fxg3+ 37.Kxg3 Rd7 38.Bc3 Bh6 39.Rf1 gxf3 40.Bxf3 Bf4+ 41.Kg2 
Rg7+ 42.Kh1 Kh6 43.Bg2 Rdf7 44.Rxf4 exf4 45.Bxg7+ Kxg7 46.e5 Nb5 47.Bf1 
Nd4 48.Rc4 Nb3 49.e6 Re7 50.Rxf4 Nc5 51.b4 Nxe6 52.Re4 Rf7 53.dxe6 Rxf1+ 
54.Kg2 Rf8 55.Rc4 c5 56.bxc5 bxc5 57.Rxc5 Re8 58.Rc7+ Kf6 59.Rxa7 Rxe6 60.
Kf3 Rb6 61.Rh7 Kg6 62.a7 Ra6 63.Rb7 Ra4 64.Ke3 Kg5 65.Kd3 Kg4 66.Rb4+ 1-0

[Event "XIII C.to Italiano U20"]
[Site "Bratto - Castione della Presolana ITA"]
[Date "2005.08.27"]
[Round "8"]
[White "Bove, Alessandro"]
[Black "Damia, Angelo"]
[Result "0-1"]
[WhiteElo "2137"]
[BlackElo "2155"]
[PlyCount "66"]
[EventDate "2005.08.20"]

1.Nf3 Nf6 2.g3 d5 3.Bg2 Nc6 4.d3 e5 5.O-O Bd6 6.Nbd2 O-O 7.c4 h6 8.cxd5 
Nxd5 9.Nc4 Be6 10.Bd2 Nb6 11.Nxd6 Qxd6 12.b4 e4 13.dxe4 Nxb4 14.Qb1 c5 15.
Bc3 Nc6 16.a4 Qe7 17.e3 Rfd8 18.Re1 Nc4 19.Nh4 Nb4 20.f4 Nd2 21.Qb2 Nc4 
22.Qb1 Nd2 23.Qb2 Nc4 24.Qe2 Rd3 25.Bxb4 Rxe3 26.Qf1 cxb4 27.f5 Rxe1 28.
Rxe1 Qc5+ 29.Kh1 Bd7 30.Rc1 Rc8 31.e5 b3 32.Qf4 b2 33.Re1 Qe3 0-1

[Event "XIII C.to Italiano U20"]
[Site "Bratto - Castione della Presolana ITA"]
[Date "2005.08.27"]
[Round "8"]
[White "Braschi, Giancarlo"]
[Black "Cozzarin, Davide"]
[Result "1-0"]
[WhiteElo "2201"]
[BlackElo "1646"]
[PlyCount "41"]
[EventDate "2005.08.20"]

1.d4 d5 2.c4 c6 3.Nf3 Nf6 4.Nc3 e6 5.e3 Bd6 6.Qc2 Nbd7 7.g4 h6 8.Rg1 dxc4 
9.Bxc4 Nb6 10.Bb3 Bd7 11.e4 Bc7 12.g5 Ng8 13.gxh6 gxh6 14.e5 Ne7 15.Ne4 
Ned5 16.Bxh6 Qe7 17.O-O-O f5 18.exf6 Qh7 19.Bg7 O-O-O 20.Ne5 Rhf8 21.Nd6+ 
1-0

[Event "XIII C.to Italiano U20"]
[Site "Bratto - Castione della Presolana ITA"]
[Date "2005.08.27"]
[Round "8"]
[White "Brunello, Sabino"]
[Black "Frilli, Guido"]
[Result "1-0"]
[WhiteElo "2373"]
[BlackElo "2120"]
[PlyCount "83"]
[EventDate "2005.08.20"]

1.e4 c5 2.Nf3 Nc6 3.Nc3 e5 4.Bc4 Be7 5.d3 Nf6 6.Nd2 d6 7.Nf1 Bg4 8.f3 Be6 
9.Ne3 Nd7 10.O-O O-O 11.Ncd5 Rb8 12.f4 exf4 13.Nxf4 Nd4 14.Bxe6 Nxe6 15.
Nf5 Nxf4 16.Bxf4 Ne5 17.Qe1 Bf6 18.Qg3 Kh8 19.c3 g6 20.Nh6 Qe7 21.Rad1 
Rbd8 22.d4 cxd4 23.cxd4 Nc6 24.Ng4 Bg7 25.Bh6 Qxe4 26.Bxg7+ Kxg7 27.Nf6 
Qe2 28.Qh4 Qe3+ 29.Kh1 Qh6 30.Qg3 Ne7 31.Ne4 f5 32.Nxd6 f4 33.Qe1 Qg5 34.
Nxb7 f3 35.gxf3 Rde8 36.Nd6 Rb8 37.Ne4 Qd5 38.Nc5 Rbe8 39.Ne6+ Kg8 40.Nc7 
Qxa2 41.Ra1 Qf7 42.Nxe8 1-0

[Event "XIII C.to Italiano U20"]
[Site "Bratto - Castione della Presolana ITA"]
[Date "2005.08.27"]
[Round "8"]
[White "Cocuzzi, Edoardo"]
[Black "Fezzardi, Emanuele"]
[Result "1/2-1/2"]
[WhiteElo "1689"]
[BlackElo "1970"]
[PlyCount "29"]
[EventDate "2005.08.20"]

1.e4 d5 2.exd5 Nf6 3.Bb5+ Bd7 4.Bxd7+ Qxd7 5.c4 c6 6.Nc3 cxd5 7.d3 d4 8.
Nce2 Nc6 9.Nf3 g6 10.Bf4 Nh5 11.Ne5 Nxe5 12.Bxe5 Bg7 13.Bxg7 Nxg7 14.O-O 
O-O 15.b4 1/2-1/2

[Event "XIII C.to Italiano U20"]
[Site "Bratto - Castione della Presolana ITA"]
[Date "2005.08.27"]
[Round "8"]
[White "De Nardi, Riccardo"]
[Black "Borsato, Federico"]
[Result "1/2-1/2"]
[WhiteElo "1717"]
[BlackElo "1811"]
[PlyCount "112"]
[EventDate "2005.08.20"]

1.e4 c5 2.d4 cxd4 3.c3 d3 4.Bxd3 Nc6 5.Nf3 d6 6.c4 e6 7.Nc3 Be7 8.O-O Nf6 
9.b3 O-O 10.Bb2 a6 11.Rc1 Bd7 12.Re1 Rb8 13.Bf1 Qa5 14.Nd4 Qh5 15.Nxc6 
Bxc6 16.Qxh5 Nxh5 17.f3 Nf4 18.g3 Ng6 19.f4 Bf6 20.Rcd1 Rfd8 21.Bg2 Be8 
22.Rd2 b5 23.cxb5 axb5 24.Red1 Be7 25.a3 b4 26.Ne2 bxa3 27.Bxa3 Rxb3 28.
Bxd6 Bxd6 29.Rxd6 Rxd6 30.Rxd6 Rb1+ 31.Kf2 Rb2 32.Bf3 Kf8 33.Ke3 e5 34.f5 
Ne7 35.Rd2 Rxd2 36.Kxd2 Nc6 37.Ke3 f6 38.Bg2 Ke7 39.Kd3 Bf7 40.Nc3 Nb4+ 
41.Ke3 Be8 42.Bf1 Nc2+ 43.Kd2 Nd4 44.Ke3 Bc6 45.Bd3 Kd6 46.Ne2 Kc5 47.h3 
Ba4 48.h4 Bd1 49.Nc3 Bb3 50.Ne2 Nc6 51.Nc1 Bd1 52.Be2 Bxe2 53.Nxe2 Kc4 54.
g4 Nd4 55.Ng3 g6 56.h5 gxf5 1/2-1/2

[Event "XIII C.to Italiano U20"]
[Site "Bratto - Castione della Presolana ITA"]
[Date "2005.08.27"]
[Round "8"]
[White "Finocchiaro, Gianluca"]
[Black "Covolan, Stefano"]
[Result "1-0"]
[WhiteElo "1730"]
[BlackElo "1691"]
[PlyCount "55"]
[EventDate "2005.08.20"]

1.e4 c5 2.c3 d6 3.d4 cxd4 4.cxd4 Nf6 5.d5 Nbd7 6.Nc3 Nc5 7.Nf3 Ncxe4 8.
Nxe4 Nxe4 9.Qa4+ Bd7 10.Qxe4 g6 11.Bd3 Bg7 12.O-O O-O 13.Qh4 f6 14.Bh6 g5 
15.Bxg5 Rf7 16.Bxh7+ Kf8 17.Bh6 Bxh6 18.Qxh6+ Rg7 19.Nd4 Qa5 20.Ne6+ Bxe6 
21.dxe6 Qd5 22.g3 Qxe6 23.Bc2 Qg8 24.Bb3 d5 25.Rad1 Rd8 26.Rd4 f5 27.Rfd1 
e6 28.Qf6+ 1-0